000 00306nam a22001337a 4500
008 181107b xxu||||| |||| 00| 0 eng d
020 _a0442258224
041 _aeng
080 _27 TH
_a101
100 _a24
101 _aFIL
245 _aLiving Issues In Philosophy
_cSmith.N.T
942 _2udc
_cBK
999 _c52200
_d52200